000 00346nam a22001453 4500
001 206746
005 20250529130949.0
090 _a206746
100 _a20250529 ukry50
101 _aukr
102 _aUA
200 _a
210 _d2025
801 _2unimarc
_aUA
_gpsbo
942 _cNEWSPAPER